Financial management : (Record no. 5487)

MARC details
000 -LEADER
fixed length control field 00635cam a2200229ua 4500
001 - CONTROL NUMBER
control field 6340
005 - DATE AND TIME OF LATEST TRANSACTION
control field 20260515114033.0
008 - FIXED-LENGTH DATA ELEMENTS--GENERAL INFORMATION
fixed length control field 131129n ii |||gr||||Z||||||eng
020 ## - INTERNATIONAL STANDARD BOOK NUMBER
International Standard Book Number 978-0-07-065614-7
020 ## - INTERNATIONAL STANDARD BOOK NUMBER
International Standard Book Number 0-07-065614-2
040 ## - CATALOGING SOURCE
Transcribing agency MAIN
082 ## - DEWEY DECIMAL CLASSIFICATION NUMBER
Classification number 658.15
245 ## - TITLE STATEMENT
Title Financial management :
Remainder of title Text,problems and practices /
Statement of responsibility, etc. By M.Y. Khan .
250 ## - EDITION STATEMENT
Edition statement 5th ed.
260 ## - PUBLICATION, DISTRIBUTION, ETC.
Place of publication, distribution, etc. New delhi:
Name of publisher, distributor, etc. Tata McGraw-hill publishing company limited,
Date of publication, distribution, etc. 2007.
300 ## - PHYSICAL DESCRIPTION
Extent xxiii,37.25p.
653 ## - INDEX TERM--UNCONTROLLED
Uncontrolled term Commerce
653 ## - INDEX TERM--UNCONTROLLED
Uncontrolled term Financial management
700 ## - ADDED ENTRY--PERSONAL NAME
Personal name Khan,M.Y.,
Relator term Author.,
700 ## - ADDED ENTRY--PERSONAL NAME
Personal name Jain,P.K.,
Relator term Author.
942 ## - ADDED ENTRY ELEMENTS (KOHA)
Koha item type Books
Holdings
Withdrawn status Lost status Damaged status Not for loan Home library Current library Shelving location Date acquired Total checkouts Full call number Barcode Date last seen Date last checked out Copy number Price effective from Koha item type
        Naharkatiya College Library Naharkatiya College Library General stacks 09/19/2020 1 658.15 | KHA 18238 09/20/2021 03/30/2021 2 09/19/2020 Books
        Naharkatiya College Library Naharkatiya College Library General stacks 09/19/2020 2 658.15 | KHA 18239 03/10/2025 02/18/2025 1 09/19/2020 Books